Länder mit den meisten Computern - Statistiken

Allgemein
  • Dieses Quiz wurde 282 mal gespielt
  • Das Durchschnittsergebnis liegt bei 24 aus 30
Antwortstatistiken
Platz Land Anzahl % Korrekt
4. Deutschland 49,7 Mio.
100%
2. China 76,3 Mio.
99%
1. Vereinigte Staaten 237,16 Mio.
99%
3. Japan 58,14 Mio.
97%
8. Russland 18,46 Mio.
97%
15. Spanien 12,61 Mio.
96%
7. Frankreich 23,48 Mio.
95%
9. Italien 18,22 Mio.
93%
12. Indien 14,97 Mio.
92%
10. Kanada 17,92 Mio.
91%
11. Brasilien 17,89 Mio.
90%
6. Vereinigtes Königreich 30,04 Mio.
90%
18. Polen 6,49 Mio.
87%
14. Mexiko 13,03 Mio.
86%
13. Australien 13,71 Mio.
85%
5. Südkorea 30,09 Mio.
85%
20. Schweden 6,41 Mio.
83%
28. Österreich 4,12 Mio.
80%
21. Schweiz 5,7 Mio.
80%
24. Argentinien 5,19 Mio.
78%
27. Türkei 4,28 Mio.
78%
17. Niederlande 8,73 Mio.
74%
26. Südafrika 4,36 Mio.
63%
23. Saudi-Arabien 5,26 Mio.
61%
18. Iran 6,49 Mio.
54%
22. Thailand 5,44 Mio.
54%
28. Kolumbien 4,12 Mio.
47%
16. Taiwan 12,59 Mio.
47%
28. Rumänien 4,12 Mio.
41%
25. Malaysia 4,81 Mio.
32%
Keine übereinstimmenden Quizze gefunden
Verteilung der Resultate
Anzahl Personen mit jedem Resultat
Perzentil nach korrekt beantworteten Fragen
Ihre Resultats-Entwicklung
Sie haben dieses Quiz noch nicht gespielt